000 00639nam a2200241Ia 4500
005 20260430150143.0
008 008 250103s9999 xx 000 0 eng d
037 _aTheses
040 _aCRL
040 _beng
040 _ceng
041 _2eng
041 _aeng
084 _qCRL
100 _aGagandeep Au.; Rawat Diwan S. Gu.
_91236614
245 0 _aStructural Optimization of Heterocyclic Compounds for their therapeutic applications
260 _c2021
300 _a284p.
650 _aChemistry
700 _aUniversity of Delhi. Faculty of Science. Deptt of Chemistry
942 _cTH
999 _c1849081
_d1849081